00772nam a2200193 a 450000100100000000500170001000800410002702000150006804000250008308200140010810000250012224000500014724500490019726000330024630000220027959000750030195201850037699900170056100003540220200930074321.0111031s1979 sp a 000 0 spa d a8428605211 aDO-SdBNPbspacBNPHU axxxbB1181 aBach, Richard96122910aThere´s no such place as far awaylespañol10aNingún lugar está lejos /cRichard Bach. aBarcelona :bPomaire,c1979. a[42 p.] ;c21 cm. aPerteneció a la biblioteca personal de Juan Isidro Jimenes Grullón 001050718MOaGRbGRcCTd2011-10-31iLF1l0oxxx B118p35402-10r2020-06-25w2020-06-25y1zPerteneció a la biblioteca personal de Juan Isidro Jimenes- GrullónZNo se presta c34893d34893